000 00547nam a22001817a 4500
003 0
005 20240125070845.0
008 240125b xxu||||| |||| 00| 0 eng d
020 _a978-1-5264-2419-8
050 _aRT 120
_b.M44 2022
100 _aMcGloin, Sarah
245 _aPrinciples of acute care nursing
_cSarah McGloin
260 _aLondon
_bSage Publications Ltd.
_cc2022.
300 _aviii, 268 pages ;
_c25 cm.
504 _aIncludes bibliographical references, index, and glossary.
650 _aNursing care.
942 _2lcc
_cBK
999 _c365891
_d365891